<?xml version="1.0" encoding="UTF-8"?>
<collection xmlns="http://www.loc.gov/MARC21/slim">
    <record>
        <controlfield tag="001">11832</controlfield>
        <controlfield tag="005">20150325140228.0</controlfield>
        <datafield tag="037" ind1=" " ind2=" ">
            <subfield code="a">TAZ-PFC-2013-410</subfield>
        </datafield>
        <datafield tag="041" ind1=" " ind2=" ">
            <subfield code="a">spa</subfield>
        </datafield>
        <datafield tag="100" ind1="1" ind2=" ">
            <subfield code="a">Pueyo Gimeno, Alberto</subfield>
        </datafield>
        <datafield tag="245" ind1="0" ind2="0">
            <subfield code="a">Control vectorial en modo tensión de un motor asíncrono</subfield>
        </datafield>
        <datafield tag="260" ind1=" " ind2=" ">
            <subfield code="a">Zaragoza</subfield>
            <subfield code="b">Universidad de Zaragoza</subfield>
            <subfield code="c">2013</subfield>
        </datafield>
        <datafield tag="506" ind1=" " ind2=" ">
            <subfield code="a">by-nc-sa</subfield>
            <subfield code="b">Creative Commons</subfield>
            <subfield code="c">3.0</subfield>
            <subfield code="u">http://creativecommons.org/licenses/by-nc-sa/3.0/</subfield>
        </datafield>
        <datafield tag="520" ind1=" " ind2=" ">
            <subfield code="a">En este trabajo se diseña, desarrolla e implementa un control vectorial en modo tensión para un motor asíncrono. Se ha llevado a cabo en varias fases, que son: diseño teórico del sistema, simulación y validación, construcción de la plataforma de control, y por último, prueba física del control vectorial. El proyecto se ha realizado en el laboratorio BSH del edificio Ada Byron, donde se dispone de un puesto flexible para la prueba de motores eléctricos. Entre los programas y aplicaciones utilizados, destaca la herramienta Dspace que, a través de su hardware y software, ha permitido desarrollar las pruebas del control en tiempo real. El diseño del sistema y las simulaciones se han llevado a cabo mediante los programas Matlab/Simulink y Mathcad.</subfield>
        </datafield>
        <datafield tag="521" ind1=" " ind2=" ">
            <subfield code="a">Ingeniero Industrial</subfield>
        </datafield>
        <datafield tag="540" ind1=" " ind2=" ">
            <subfield code="a">Derechos regulados por licencia Creative Commons</subfield>
        </datafield>
        <datafield tag="700" ind1=" " ind2=" ">
            <subfield code="a">Martínez Iturbe, Abelardo</subfield>
            <subfield code="e">dir.</subfield>
        </datafield>
        <datafield tag="710" ind1="2" ind2=" ">
            <subfield code="a">Universidad de Zaragoza</subfield>
            <subfield code="b">Ingeniería Electrónica y Comunicaciones</subfield>
            <subfield code="c">Tecnología Electrónica</subfield>
        </datafield>
        <datafield tag="856" ind1="0" ind2=" ">
            <subfield code="f">534980@celes.unizar.es</subfield>
        </datafield>
        <datafield tag="856" ind1="4" ind2=" ">
            <subfield code="s">2568724</subfield>
            <subfield code="u">http://zaguan.unizar.es/record/11832/files/TAZ-PFC-2013-410.pdf</subfield>
            <subfield code="y">Memoria (spa)</subfield>
        </datafield>
        <datafield tag="856" ind1="4" ind2=" ">
            <subfield code="s">5992732</subfield>
            <subfield code="u">http://zaguan.unizar.es/record/11832/files/TAZ-PFC-2013-410_ANE.pdf</subfield>
            <subfield code="y">Anexos (spa)</subfield>
        </datafield>
        <datafield tag="909" ind1="C" ind2="O">
            <subfield code="o">oai:zaguan.unizar.es:11832</subfield>
            <subfield code="p">driver</subfield>
            <subfield code="p">proyectos-fin-carrera</subfield>
        </datafield>
        <datafield tag="950" ind1=" " ind2=" ">
            <subfield code="a"></subfield>
        </datafield>
        <datafield tag="980" ind1=" " ind2=" ">
            <subfield code="a">TAZ</subfield>
            <subfield code="b">PFC</subfield>
            <subfield code="c">EINA</subfield>
        </datafield>
    </record>

    
</collection>